Hrnko, Anton Devín - božská perla Slovenska

Bibliographic Details
Main Author: Mulík, Peter, 1957- (Author)
Format: Article
Language:Slovak
ISSN:1335-8723 18
Subjects:

MARC

LEADER 00000nab a2200000 a 4500
001 vtls010440229
003 SK-MaSNL
005 20260304161015.0
008 250507 2011 xo 000 0 slo
015 |a SNBRB2012/07 
035 |a (uuid)403bca3d-fbfb-48e1-b00f-b9848888a0e1 
035 |a urn:nbn:sk:snk-ab9uyw 
035 |a (urnnbn)urn:nbn:sk:snk:ar-a08xi3 
038 |a SNKBUCL 
040 |a SNKBUCL  |b slo  |c SNKBUCL  |e AACR2 
041 0 |a slo 
044 |a xo  |c SK 
080 |a 728.81  |x (437.6)  |x (091)  |2 2001 
080 |a 904:728.81  |x (437.6)  |2 2001 
100 1 |a Mulík, Peter,  |d 1957-  |4 aut  |9 104597 
245 1 0 |a Hrnko, Anton Devín - božská perla Slovenska  |c Peter Mulík 
610 1 7 |a Devín (Bratislava, Slovensko : hrad)  |2 snkbucl  |9 32085 
650 0 7 |a hrady  |2 snkbucl  |9 3039 
650 0 7 |a monografie  |2 snkbucl  |9 256509 
655 7 |a recenzie  |2 snkbucl  |9 21907 
773 0 |t Historický zborník  |g Roč. 21, č. 1 (2011), s. 205-207  |x 1335-8723 18 
787 0 8 |i Rec.:  |a Hrnko, Anton, 1955-  |t Devín - božská perla Slovenska  |d Bratislava : Eko-konzult, 2009  |z 9788080791230 
850 |a Slovenská národná knižnica 
852 |a Slovenská národná knižnica 
954 |a odborná, vedecká literatúra pôvodná (slovenská)  |2 lita 
958 |a article13 
958 |a OND 
958 |a RC 
958 |a EUIPO 
999 |c 2969605  |d 2971535